000 00857nam a2200241 a 4500
999 _c1063
_d1063
003 AR-BaISA
005 20220829151650.0
006 aad||fr|||| 00| 0
007 ta
008 220829s2007 ag ad||f |||| 00| 0 spa d
020 _a9789507101090
040 _bspa
_cAR-BaISA
082 0 4 _222
_a657.832 204 5 B471
100 1 _92468
_aBianconi, Zulema
_eaut.
245 1 0 _aCalidad en salud:
_bdiez años de experiencia en el Gobierno de la Ciudad de Buenos Aires /
_cZulema Bianconi
260 _aBuenos Aires:
_bPrograma de Gestión de Calidad en Salud,
_c2007
300 _a190 p.:
_bil., graf.
504 _aBibliografía p.: 184-185
505 _tBases del programa --
_tNacimiento --
_tCrecimiento --
_tMaduración --
_tNuevos Proyectos
650 1 4 _92469
_aGestión de la calidad en salud
650 1 4 _9226
_aSalud Pública
942 _2ddc
_cLI
_e22